000
00336nam a2200133Ia 4500
008
100328s9999 xx 000 0 und d
082
_b
74158
100
_a
Weiss Brian.
245
_a
Through Time Into Healing.
260
_b
Piatkus.
630
_a
Through Time Into Healing.
730
_a
Through Time Into Healing.
942
_c
BOOK
999
_c
559879
_d
559876